logo

Bir Sreshtho Munshi Abdur Rouf Library
Jhenaidah Cadet College

Five pillars of prosperity : (Record no. 12370)

MARC details
000 -LEADER
fixed length control field 04355nam a2200313 a 4500
001 - CONTROL NUMBER
JCCL Control Number 12370
003 - CONTROL NUMBER IDENTIFIER
JCCL marc code BD-JhCC
005 - DATE AND TIME OF LATEST TRANSACTION
control field 20211115101833.0
008 - FIXED-LENGTH DATA ELEMENTS--GENERAL INFORMATION
fixed length control field 210605s2013 orua b 001 0 eng
020 ## - INTERNATIONAL STANDARD BOOK NUMBER
International Standard Book Number 9781935952886 (pbk.)
035 ## - SYSTEM CONTROL NUMBER
system control number (BD-JhCC)12370
040 ## - CATALOGING SOURCE
Original cataloging agency DLC
Transcribing agency DLC
Description conventions rda
Modifying agency BD-JhCC
041 ## - LANGUAGE CODE
Language code of Book eng
050 00 - LIBRARY OF CONGRESS CALL NUMBER
Classification number HG179
Item number .M5267 2013
082 00 - DEWEY DECIMAL CLASSIFICATION NUMBER
Classification number 332.024/01
DDC Edition number 23
Author mark and Year MIR 2013
084 ## - OTHER CLASSIFICATION NUMBER
Classification number BUS050000
Source of number bisacsh
100 1# - MAIN ENTRY--PERSONAL NAME
Personal name Mirza, M. Yaqub.
245 10 - TITLE STATEMENT
Title Five pillars of prosperity :
Remainder of title essentials of faith-based wealth building /
Statement of responsibility, etc M. Yaqub Mirza.
260 ## - PUBLICATION, DISTRIBUTION, ETC. (IMPRINT)
Place of publication, distribution, etc Ashland, Oregon :
Name of publisher, distributor, etc Whith Cloud Press,
Date of publication, distribution, etc 2013.
300 ## - PHYSICAL DESCRIPTION
Pagination xxxvi, 145 pages :
Other physical details illustrations ;
Dimensions 23 cm
504 ## - BIBLIOGRAPHY, ETC. NOTE
Bibliography, etc Includes bibliographical references and index.
505 8# - FORMATTED CONTENTS NOTE
Formatted contents note Machine generated contents note: Table of Contents -- Acknowledgements 10 -- Foreword 11 -- Preface 13 -- Introduction 14 -- Faith and Financial Activities 20 -- Five Pillars to Prosperity 31 -- Chapter 1: Pillar One: Earning 34 -- Entrepreneurship 41 -- 8 Qualities of Success 45 -- Chapter 2: Pillar Two: Saving 49 -- Savings leads to financial freedom 49 -- Budget to Save 60 -- DEVELOP A BUDGET AND LIVE BY IT 61 -- Track Day-to-Day Spending 63 -- Get a Handle on Income and Expenses 65 -- Chapter 3: Pillar Three: Investing 67 -- Fundamentals to Investing 67 -- The Power of Compounding 67 -- Faith-Based Investing 71 -- Advice for the Muslim Investor 79 -- Getting Started 81 -- The Role of Stocks in a Muslim's Portfolio 82 -- Mutual Funds: A Possible Solution 83 -- Consistent Approach 83 -- Chapter 4: Pillar Four: Spending 86 -- Spending Intelligently 86 -- The Debt-Free Advantage 86 -- Worksheet for Hajj Financial Planning 90 -- Table 2: INFLATION FACTOR 91 -- Table 3: INVESTMENT FACTOR 91 -- College Education 91 -- The Gift of a Future 93 -- The Sooner You Start, the Better It Is 96 -- Worksheet for Financial Planning for Higher Education 99 -- HOW MUCH SHOULD BE INVESTED 99 -- SCHEDULE C: Periodic Investment 99 -- Chapter 5: Pillar Five: Giving 100 -- Sharing the Gifts of God with Others 100 -- Understanding Zakah 101 -- Limit of Exemption (Nisab) 103 -- Who Deserves Zakah? 104 -- Paying Zakah 106 -- Calculating Zakah 107 -- Cash and Cash Equivalent 108 -- Risk Investments: Shares and Mutual Funds 109 -- Buildings, Factories, and Businesses (Non-Trading) 109 -- Retirement Accounts, Life Insurance Policies, and Annuities 110 -- ZAKAH CALCULATION FORM 113 -- Leaving a Legacy of Hope 115 -- Donor-Advised Fund (DAF) 115 -- Charitable Remainder Trust (CRT) 116 -- Family Foundation 117 -- Chapter 6: Key Wealth-Building Strategies 120 -- Grow Your Assets 121 -- Wealth Preservation Strategies 122 -- Wills 122 -- Inheritance 124 -- The Revocable Living Trusts 130 -- Protect Your Hard Earned Assets 131 -- My Heartfelt Wish for You... 133 -- Resources 134 -- Bibliography 141 -- Glossary 145 -- About the Author 145.
520 ## - SUMMARY, ETC.
Summary, etc "Five Pillars of Prosperity: Essentials of Faith-Based Wealth Building by Dr. M. Yaqub Mirza provides readers with a balanced and sensible approach to financial planning and security. The book is unique in that it is written by a leading Muslim financial expert who draws on Islamic teachings while showing how these Islamic values are consistent with Jewish and Christian values. Though the primary audience may be American Muslims, anyone interested in financial security will find this practical guide helpful in making wise financial decisions. Dr. Mirza presents a powerful and provocative case for arranging one's life - and the material pursuits - in ways that not only benefit the reader but also society at large. He shows how the attainment of wealth and prosperity can be achieved by following five key activities: Earning, Saving, Investing, Spending, and Giving. The author closes with a discussion on wealth building strategies and wealth preservation. Additionally, he has provided a section of resources and an extensive bibliography for further reading. The book is rich in investment strategies and advice and though the topic is often complex Dr. Mirza's writings are clear and accessible to a general audience"--
650 #0 - SUBJECT ADDED ENTRY--TOPICAL TERM
Topical term or geographic name as entry element Finance, Personal.
650 #0 - SUBJECT ADDED ENTRY--TOPICAL TERM
Topical term or geographic name as entry element Success in business.
650 #0 - SUBJECT ADDED ENTRY--TOPICAL TERM
Topical term or geographic name as entry element Investments.
650 #7 - SUBJECT ADDED ENTRY--TOPICAL TERM
Topical term or geographic name as entry element BUSINESS & ECONOMICS / Personal Finance / General.
942 ## - ADDED ENTRY ELEMENTS (KOHA)
Source of classification or shelving scheme Dewey Decimal Classification
Koha item type Books
Holdings
Source of classification or shelving scheme Damaged status Not for loan Home library Current library Shelving location Date of accession Cost, normal purchase price Total Checkouts Full call number Barcode Date last seen Copy number Koha item type
Dewey Decimal Classification     JCC Rouf Library JCC Rouf Library General Stacks 06/05/2021 300.00   332.024/01 MIR 2013 16725 11/15/2021 C-1 Books

JCC Library | Contacts | JCC Home

Last Update on 23 September 2017
Copyright @ 2017-2020 JCC Rouf Library
Rouf Library, Jhenidah Cadet College (JCC), Bangladesh